Король в желтом: "Крутой" американский детектив; [перевод]; В горах не бывает преступлений; Король в желтом; Блюзы Бей-Сити; Выстрелы у "Сирано"; Кид; Валентинов день

Podrobná bibliografie
Další autoři: Бобылев С. Сергей (иллюстратор)
Shrnutí:Исключено из фонда НТБ ТПУ
Jazyk:ruština
Vydáno: Ставрополь, Ставропольское кн. изд-во, 1990
TOC:В горах не бывает преступлений;
Король в желтом;
Блюзы Бей-Сити;
Р. Чандлер, Выстрелы у "Сирано";
Д. Хэммет, Кид;
Э. Макбейн, Валентинов день;
Médium: MixedMaterials Kniha
KOHA link:https://koha.lib.tpu.ru/cgi-bin/koha/opac-detail.pl?biblionumber=158756

MARC

LEADER 00000nam0a2200000 4500
001 158756
005 20231031154542.0
010 |a 5764406145 
020 |a RU  |b 91-9876 
035 |a (RuTPU)RU\TPU\book\172181 
090 |a 158756 
100 |a 20090428d1990 m y0rusy5003 ca 
101 1 |a rus  |c eng 
102 |a RU 
105 |a y z 000ay 
200 1 |a Король в желтом  |e "Крутой" американский детектив   |e [перевод]  |f худож. С. Бобылев 
210 |a Ставрополь  |c Ставропольское кн. изд-во  |d 1990 
215 |a 349,[2] с.  |d 21 см 
333 |a Исключено из фонда НТБ ТПУ 
464 |t В горах не бывает преступлений 
464 |t Король в желтом 
464 |t Блюзы Бей-Сити 
464 |t Выстрелы у "Сирано"  |f Р. Чандлер 
464 |t Кид  |f Д. Хэммет 
464 |t Валентинов день  |f Э. Макбейн  |a Макбейн, Эд 
702 1 |a Бобылев  |b С.  |g Сергей  |4 440 
801 1 |a RU  |b 63413507  |c 20090428  |g PSBO 
801 2 |a RU  |b 63413507  |c 20120412  |g PSBO 
942 |c BK